How Well Do You Know Ldshadowlady? 2019 - Statistics

General Stats
  • This quiz has been taken 205 times
  • The average score is 5 of 6
Answer Stats
Question Answer % Correct
What is her bf's name Joel
100%
What video game does she usually play one her youtube channel? Minecraft
100%
What is her cat's name? Buddy
82%
What is her sister's name? Maddie
82%
What is her dog's name? Merri
76%
How old is Ldshadowlady 26
41%
No matching quizzes found
Score Distribution
Percent of People with Each Score
Percentile by Number Answered
Your Score History
You have not taken this quiz